Polskie kluby sportowe po przydomku - Statystyki

Ogólne statystyki
  • Ten quiz został rozwiązany 151 razy
  • Średni wynik to 16 z 69
Statystyki odpowiedzi
Przydomek Nazwa klubu % Poprawnych
Wojskowi Legia Warszawa / Śląsk Wrocław
96%
Koroniarze Korona Kielce
79%
Elanowcy Elana Toruń
75%
Kolejorz Lech Poznań
62%
Biała Gwiazda Wisła Kraków
62%
GieKSa GKS Katowice
59%
Motorowcy Motor Lublin
57%
Pasy Cracovia
55%
Nafciarze Wisła Płock
50%
Miedzianka Miedź Legnica
48%
Czarne Koszule Polonia Warszawa
46%
Duma Podlasia Jagiellonia Białystok
44%
Słonie Bruk-Bet Termalica Nieciecza
43%
Medaliki Raków Częstochowa
43%
Żabole Górnik Zabrze
42%
Piastunki Piast Gliwice
42%
Niebiescy Ruch Chorzów
42%
Miedziowi Zagłębie Lubin
40%
Sovia / Reska Resovia
38%
Siarkowcy / Żółci Siarka Tarnobrzeg
35%
Duma Warmii Stomil Olsztyn
35%
Duma Pomorza Pogoń Szczecin
33%
Śledzie Arka Gdynia
31%
Dyskobole Dyskobolia Grodzisk Wielkopolski
28%
Jaskółki (żużel) Unia Tarnów
26%
Czerwona Armia Widzew Łódź
24%
Duma Lubelszczyzny Górnik Łęczna
23%
Pomarańczowi (siatkówka) Jastrzębski Węgiel
23%
Motomyszy (żużel) Falubaz Zielona Góra / ZKŻ
18%
Rycerze Wiosny ŁKS Łódź
18%
Górale Podbeskidzie Bielsko-Biała
18%
Świętokrzyska Duma KSZO Ostrowiec Świętokrzyski
16%
Warchoły / Zieloni Radomiak Radom
16%
Olimpijczycy Olimpia Elbląg
14%
Wyspiarze Flota Świnoujście
13%
Szarotki / Górale (hokej) Podhale Nowy Targ
12%
Byki (żużel) Unia Leszno
12%
Cidry Ruch Radzionków
10%
Duma Wildy Warta Poznań
10%
Budowlani / Betony Lechia Gdańsk
9%
Koziołki (siatkówka) ZAKSA Kędzierzyn-Koźle
9%
Cera Ceramika Opoczno
8%
Morsy Igloopol Dębica
8%
Królowa Śląska Polonia Bytom
8%
Królowie Śląska GKS Tychy
7%
Chluba Grodu Tura Chojniczanka Chojnice
6%
Chagiery / Pomarańczowo-Czarni Chrobry Głogów
6%
Chłopcy z Ludwinowa Garbarnia Kraków
6%
Brunatni GKS Bełchatów
6%
HaKaeSy / Gumiory Hutnik Kraków
6%
Rycerze Pomorza Zawisza Bydgoszcz
6%
Gryfy (żużel) Polonia Bydgoszcz
5%
Żurawie Stal Rzeszów
5%
Duma Lotniczego Miasta Avia Świdnik
4%
Kadłuby Bałtyk Gdynia
4%
Wielki Koronny Hetman Zamość
4%
Wikingowie Południa Odra Opole
4%
Chłopcy znad Brynicy Zagłębie Sosnowiec
4%
Rottweilery (koszykówka) Anwil Włocławek
3%
Czarne Pantery (koszykówka) Czarni Słupsk
3%
Duma Kujaw Kujawiak Włocławek
3%
Grubiorze / Gladiatorzy ROW Rybnik
3%
Bianconeri Sandecja Nowy Sącz
3%
Hutnicy Stal Stalowa Wola
3%
Diabły Tasmańskie Stilon Gorzów Wielkopolski
3%
Czarno-zieloni (koszykówka) Turów Zgorzelec
3%
Duma Powiśla Wisła Puławy
2%
Kociewskie diabły (koszykówka) Polpharma Starogard Gdański
1%
Drwale Szczakowianka Jaworzno
1%
Nie znaleziono quizów pasujących do podanych kryteriów
Rozkład punktacji
Procent ludzi z każdym wynikiem
Percentyl według liczby udzielonych odpowiedzi
Twoja historia wyników
Nie rozwiązałeś tego quizu